000 00571nam a2200229Ia 4500
005 20250425161820.0
008 250425s9999 xx 000 0 und d
020 _a0805360549
041 _aeng
082 _a005.74
100 _aMCFADDEN, FRED R.
245 0 _aMODERN DATABASE MANAGEMENT
250 _a5TH ED.
260 _aEstados Unidos
_bADDISON - WESLEY
_c1999
260 _aREADING
300 _a622
650 _aBASE DE DATOS
650 _aBASE DE DATOS ORIENTADA A OBJETOS
650 _aGESTION DE BASE DE DATOS
942 _c01
010 _a30852
999 _c216675
_d216675